00485cas a22001454i 4500001001000000003001000010005001700020008004100037040004100078041000800119100003400127245002400161300006100185773009300246768714001CO-MdFUSB20180413162723.0180413s2003 cr ||||| |||| 00| 0 spa d aCO-MdFUSBbspacCO-MdFUSBdCO-MdFUSB aspa1 aSoto Gould, Jorge Luiseautor10aProfetas sin nombre aVolumen 6. Número 4 (2003), páginas 59-60c: 28 cm.0 tConquista Cristiana049446 gVolumen 6. Número 4 (2003), páginas 59-60qpágina 59